000 00559nam a2200229Ia 4500
003 OSt
005 20221005133129.0
006 a|||||r|||| 00| 0
007 ta
008 221004b |||||||| |||| 00| 0 tam d
024 _a51963
037 _cTextual
040 _aCRL
_cCRL
_btam
041 _2tam
_atam
082 _aQ232:2335, 31K6
100 _aRai Cho Au.
_9642105
245 0 _aVillium sivanum
260 _c1966
650 _aRELIGION
942 _hQ232:2335, 31K6
_cTEXL
_2cc
999 _c1065810
_d1065810